书目信息 |
| 题名: |
肉制品加工技术
|
|
| 作者: | 林春艳 , 李威娜 主编 | |
| 分册: | ||
| 出版信息: | 武汉 武汉理工大学出版社 2017.05 |
|
| 页数: | 234页 | |
| 开本: | 27cm | |
| 丛书名: | 高职高专食品类专业规划教材 | |
| 单 册: | ||
| 中图分类: | TS251.5 | |
| 科图分类: | ||
| 主题词: | 肉制品--食品加工--高等职业教育--教材 | |
| 电子资源: | ||
| ISBN: | 978-7-5629-5531-3 | |
| 000 | 01221oam2 2200277 450 | |
| 001 | 906 | |
| 005 | 20180927145222.70 | |
| 010 | @a978-7-5629-5531-3@dCNY31.00 | |
| 100 | @a20170802d2017 em y0chiy50 ea | |
| 101 | 0 | @achi |
| 102 | @aCN@b420000 | |
| 105 | @aak az 000yy | |
| 200 | 1 | @a肉制品加工技术@9rou zhi pin jia gong ji shu@f林春艳, 李威娜主编 |
| 205 | @a2版 | |
| 210 | @a武汉@c武汉理工大学出版社@d2017.05 | |
| 215 | @a234页@c图@d27cm | |
| 225 | 2 | @a高职高专食品类专业规划教材 |
| 320 | @a有书目(第233-234页) | |
| 330 | @a本套教材以高职高专食品类专业基本课程建设为依据,内容覆盖面广,知识含量多,为学生提供丰富、多层次、跨学科的全面的专业知识。同时,将职业工作任务引领的工作过程知识、基本理论、技能、程序、步骤融入教材,反映专业新知识、新技术,体现与时俱进原则;引入企业实例、项目和管理案例,适于自主学习,培养创新人才;在适当介绍理论知识的基础上,突出强调实践环节的设计,在选材上紧扣食品行业的生产实践,以满足用人单位对人才的知识和技能要求。 | |
| 461 | 0 | @12001 @a高职高专食品类专业规划教材 |
| 606 | 0 | @a肉制品@x食品加工@x高等职业教育@j教材 |
| 690 | @aTS251.5@v5 | |
| 701 | 0 | @a林春艳@9Lin Chun Yan@4主编 |
| 701 | 0 | @a李威娜@9li wei na@4主编 |
| 801 | 0 | @aCN@b91MARC@c20170802 |
| 905 | @aMuseLib@dTS251.5@e271=2 | |
| 肉制品加工技术/林春艳, 李威娜主编.-2版.-武汉:武汉理工大学出版社,2017.05 |
| 234页:图;27cm.-(高职高专食品类专业规划教材) |
| ISBN 978-7-5629-5531-3:CNY31.00 |
| 本套教材以高职高专食品类专业基本课程建设为依据,内容覆盖面广,知识含量多,为学生提供丰富、多层次、跨学科的全面的专业知识。同时,将职业工作任务引领的工作过程知识、基本理论、技能、程序、步骤融入教材,反映专业新知识、新技术,体现与时俱进原则;引入企业实例、项目和管理案例,适于自主学习,培养创新人才;在适当介绍理论知识的基础上,突出强调实践环节的设计,在选材上紧扣食品行业的生产实践,以满足用人单位对人才的知识和技能要求。 |
| ● |
| 相关链接 |
|
|
|
|
正题名:肉制品加工技术
索取号:TS251.5/271=2
 
预约/预借
| 序号 | 登录号 | 条形码 | 馆藏地/架位号 | 状态 | 备注 |
| 1 | 1120254 | 211202544 | 第二样本阅览室/ [索取号:TS251.5/271=2] | 在馆 | |
| 2 | 1120255 | 211202553 | 密集书库-生命科学系/ [索取号:TS251.5/271=2] | 在馆 | |
| 3 | 1120256 | 211202562 | 第三借阅区/ [索取号:TS251.5/271=2] | 在馆 | |
| 4 | 1120257 | 211202571 | 第三借阅区/ [索取号:TS251.5/271=2] | 在馆 | |
| 5 | 1120258 | 211202580 | 第三借阅区/ [索取号:TS251.5/271=2] | 在馆 |